Theory and Practice of Communication : Science and Information Technology /
Introducción a la teoría de la comunicación humana. Inicia en la exploración de los orígenes de la teoría de la información en la década de 1940 y la búsqueda de canales eficientes de comunicación en los años subsiguientes y llega hasta las modernas redes sociales y las tecnologías en Internet que l...
Na minha lista:
| Autor principal: | |
|---|---|
| Formato: | Livro |
| Idioma: | inglês |
| Publicado em: |
Nueva Jersey, EUA :
Babelcube,
2020, c2016
|
| Edição: | 3a edición |
| Assuntos: | |
| Acesso em linha: | Ver documento en línea |
| Tags: |
Sem tags, seja o primeiro a adicionar uma tag!
|
MARC
| LEADER | 00000nam^a2200000^a^4500 | ||
|---|---|---|---|
| 001 | 000425703 | ||
| 005 | 20251023000000.0 | ||
| 009 | 20260310122722.815 | ||
| 022 | |a 9781071549841 | ||
| 037 | |a Acervo ITESO - Biblioteca | ||
| 041 | |a ING | ||
| 082 | |a 302. 2011 |b DAD | ||
| 100 | |a D'Addario, Miguel |e (autor) | ||
| 245 | 1 | 0 | |a Theory and Practice of Communication : |b Science and Information Technology / |c M. D'Addario ; tr. por Wilson Alves Pereira. |
| 250 | |a 3a edición | ||
| 264 | 4 | |a Nueva Jersey, EUA : |b Babelcube, |c 2020, c2016 | |
| 264 | 2 | |a Cartagena, España : |b Odilo [distribución], |c 2021 | |
| 300 | |a 1 libro electrónico en línea (428 p.) | ||
| 300 | |a 1 recurso en línea | ||
| 336 | |a datos para computadora |b cod |2 rdacontenido | ||
| 337 | |a computadora |b c |2 rdamedio | ||
| 338 | |a recurso en línea |b cr |2 rdasoporte | ||
| 500 | |a Traducción de: Teoría y práctica de la comunicación: ciencia y tecnología de la información | ||
| 506 | 0 | |a 1 licencia | |
| 520 | |a Introducción a la teoría de la comunicación humana. Inicia en la exploración de los orígenes de la teoría de la información en la década de 1940 y la búsqueda de canales eficientes de comunicación en los años subsiguientes y llega hasta las modernas redes sociales y las tecnologías en Internet que las soportan. | ||
| 521 | |a Odilo 2021 EEnlace Centro de Promoción Cultural | ||
| 649 | |a XX | ||
| 650 | |a Información - |x Teoría - |x Tema Principal | ||
| 650 | |a Comunicación No Verbal | ||
| 650 | |a Internet | ||
| 650 | |a Tecnologías de Comunicación e Información | ||
| 650 | |a Medios de Comunicación | ||
| 650 | |a Comunicación Masiva | ||
| 650 | |a Comunicación - |x Teoría - |x Tema Principal | ||
| 650 | |a Sociología de la Comunicación | ||
| 856 | 4 | 0 | |u https://iteso-odilotk-es.ezproxy.iteso.mx/opac?id=01879096 |y Ver documento en línea |
| 910 | |a Fondo General | ||
| 920 | |a Electrónicos - Libros en Línea | ||
| 930 | |a Plataforma Digital | ||
| 905 | |a 205 | ||
| 901 | |a 425703-1 |b IT2 |c EBO |i C174224 |u 20250521 | ||
| 902 | |a https://opac.biblio.iteso.mx/vufind/Record/000425703 | ||